000 00457nam a2200181Ia 4500
008 100917s9999 xx 000 0 und d
082 _b23041
100 _aशेळके उध्दव
245 _aधग
260 _bपॅाप्युलर प्रकाशन
_c1973
300 _a250
365 _b12
520 _aकादंबरी
630 _aधग
650 _aकादंबरी
730 _aधग
942 _cBOOK
999 _c628435
_d628432